Word Ladder: Santa Stuff Quiz Stats

 Plays Quiz Updated Mar 14, 2019

Score 0/33 Timer 05:00
2 Plays Today
Clue 4-Letter Word % Correct
Alias for Santa Claus (Saint _____)NICK
98.2%
Santa's home (The North _____)POLE
96.2%
Place for swimmingPOOL
95.5%
Respectable or goodNICE
95.1%
Shopping centerMALL
94.5%
'Gift' for the naughtyCOAL
94.4%
Send a letter; postMAIL
93.8%
Public opinion surveyPOLL
93.5%
Wet weatherRAIN
93.3%
Three squaredNINE
93.2%
Blood vessel (jugular ____)VEIN
92.4%
Lager or aleBEER
92.4%
Bull or colt, e.g.MALE
92.2%
Santa's is typically redCOAT
91.8%
Opening word for most lettersDEAR
91.7%
Queue; path; one-dimensional figureLINE
91.5%
Fuzzy fluff in a dryerLINT
91.5%
Clue 4-Letter Word % Correct
Portion out cards for pokerDEAL
91.3%
Chilly and coldCOOL
91.1%
With last highlight, Rudolph, e.g.DEER
91%
Price; amount of money neededCOST
90.7%
Sugary root vegetableBEET
90.3%
Embedded spyMOLE
90.3%
Chief; principalMAIN
89.8%
Flesh of a young calfVEAL
89.8%
With next highlight, Rudolph, e.g.REIN
89.2%
Alias for Santa Claus (____ Kringle)KRIS
89%
Thin mask for one's faceVEIL
88.2%
One from England or ScotlandBRIT
85.8%
WWE legend HartBRET
83.8%
Jewish circumcision ceremonyBRIS
81.1%
Roll; orderLIST
79.9%
Former ABC mystery with HurleyLOST
79.7%

Today's Daily Dose

Missing Word
Sherlocks

Word Ladder
King of the Hill

Quick Pick
Songs in Pink

Get the Picture
NBA Teammates

You're not logged in!

Compare scores with friends on all Sporcle quizzes.
OR
Log In

Sporcle TV

Today on Sporcle TV


Watch our educational content, quiz creation guides, and fun videos on Sporcle TV.

Show Comments

Extras

Top Quizzes Today


Score Distribution

Your Account Isn't Verified!

In order to create a playlist on Sporcle, you need to verify the email address you used during registration. Go to your Sporcle Settings to finish the process.

Report this User

Report this user for behavior that violates our Community Guidelines.

Details: